00498nam a2200157Ia 4500008004100000040001800041041000800059100001500067245006100082260003800143300001800181500005800199650001600257650002700273650004000300130821s1973 sp gr spa  aCo-BoUCMbspa aspa1 aHarre, Rom10aIntroducción a la lógica de las cienciascR. Harré aBarcelona (España)bLaborc1973 a171 páginas aEl ejemplar 4 donado por: Dra Nohra Pabon. (Oct 2004)04aFilosofía04aLógica (Filosofía)04aLógica simbólica y matemática